Critical discourse analysis in translation studies:an introductory textbook (Record no. 759756)

MARC details
000 -LEADER
fixed length control field 00364nam a22001337a 4500
020 ## - INTERNATIONAL STANDARD BOOK NUMBER
ISBN 9780367464943
082 ## - DEWEY DECIMAL CLASSIFICATION NUMBER
Classification number 418.02
Item number KIM.C
100 ## - MAIN ENTRY--AUTHOR NAME
Personal name Kim, Kyung Hye
245 ## - TITLE STATEMENT
Title Critical discourse analysis in translation studies:an introductory textbook
260 ## - PUBLICATION, DISTRIBUTION, ETC. (IMPRINT)
Place of publication New York
Name of publisher Routledge
Year of publication 2025
300 ## - PHYSICAL DESCRIPTION
Number of Pages 157p.
942 ## - ADDED ENTRY ELEMENTS (KOHA)
Source of classification or shelving scheme Dewey Decimal Classification
Koha item type Book
Holdings
Withdrawn status Lost status Source of classification or shelving scheme Damaged status Not for loan Collection code Home Library Current Location Shelving location Date acquired Full call number Accession Number Price effective from Koha item type
    Dewey Decimal Classification     Text Book Campus Library Kariavattom Campus Library Kariavattom Children's Area 22/05/2026 418.02 KIM.C UCL35720 22/05/2026 Book